| 000 | 02208cas a2200517 i 4500 | ||
|---|---|---|---|
| 999 |
_c200438089 _d56301 |
||
| 001 | 200438089 | ||
| 003 | TR-AnTOB | ||
| 005 | 20200429144633.0 | ||
| 008 | 090929c19689999enkwr p 0 0eng | ||
| 035 | _a(OCoLC)ocn441455027 | ||
| 040 |
_aDLC _beng _erda _cDLC _dDLC _dOCLCQ _dOCLCF _dOCLCO _dINU _dOCLCQ _dTR-AnTOB |
||
| 041 | 0 | _aeng | |
| 042 | _apcc | ||
| 043 | _ae-uk-en | ||
| 050 | 0 | _aDA690.M4 | |
| 099 | _aJOURNAL GUA WEE | ||
| 130 | 0 | _aGuardian weekly (Manchester, England) | |
| 245 | 1 | 4 | _aThe guardian weekly. |
| 246 | 3 | 0 | _aGuardian. |
| 264 |
_aManchester, England : _bGuardian Newspapers Ltd., _c1968- |
||
| 300 |
_avolumes : _billustrations ; _c23 cm |
||
| 310 | _aWeekly | ||
| 336 |
_atext _btxt _2rdacontent |
||
| 337 |
_2rdamedia _aunmediated _bn |
||
| 338 |
_2rdacarrier _avolume _bnc |
||
| 362 | 0 | _aVol. 99, no. 8 (Aug. 22, 1968)- | |
| 362 | 1 | _aCeased with Dec. 27, 1987 issue. | |
| 533 |
_aMicrofilm. _bWashington, D.C. : _cLibrary of Congress Preservation Microfilming Program : _cAvailable from Library of Congress Photoduplication Service. |
||
| 580 | _aIncludes: Le Monde. English section; and selections from the Washington post, Oct. 1975-Dec. 1987. | ||
| 580 | _aWeekly ed. of: Guardian (Manchester, England). | ||
| 588 | _aLatest issue consulted: Vol. 103, no. 25 (Dec. 26 [1970]). | ||
| 651 | 0 |
_aManchester (England) _vNewspapers. |
|
| 651 | 7 |
_aEngland _zManchester. _2fast _0(OCoLC)fst01212972 |
|
| 655 | 7 |
_aNewspapers. _2fast _0(OCoLC)fst01423814 |
|
| 730 | 0 | _aWashington post Washington, D.C. : 1974) | |
| 730 | 0 |
_aMonde (Paris, France). _pEnglish section. |
|
| 752 |
_aGreat Britain _bEngland _dManchester. |
||
| 775 | 1 |
_tGuardian (Manchester, England) _x0261-3077 |
|
| 776 | 1 |
_cOriginal _tGuardian weekly (Manchester, England) _x0958-9996 _w(DLC)sn 85021576 _w(OCoLC)3638221 |
|
| 780 | 0 | 0 |
_tManchester guardian weekly (Manchester, England : 1920) _x0025-200X _w(DLC) 2009218101 _w(OCoLC)441454959 |
| 785 | 0 | 0 |
_tManchester guardian weekly (Manchester, England : 1988) _x0959-3608 |
| 787 | 1 | _tMonde (Paris, France) | |
| 787 | 1 |
_tWashington post (Washington, D.C. : 1974) _x0190-8286 _gOct. 1975-Dec. 1987 |
|
| 942 |
_2lcc _cCR _s1 |
||